000 nam a22 a 4500
999 _c142623
_d142623
003 BLK
005 20230310093302.0
008 180409b bul|||||r ||||||| ||bul||
010 _aKNG00148718000
020 _a954-8227-01-0
040 _aBLK
041 _aBUL
_cBUL
080 _aСвещено писание. Библия. Стар и Нов завет
_b22
_z22
100 1 _aТахмисян, Агоп Асадур
_eпърви автор
_9127975
139 _aТахмисян, Агоп Асадур
_bТ 39
245 1 0 _aОсновни учения на Библията
_cАгоп Асадур Тахмисян.
257 _aBGR
260 _aВарна
_bУнисон
_c1992
300 _a254 с.
_c20 см
380 _a2
500 _aБиблиогр.: с. 253.
650 4 _aБиблия
_9148564
653 _aБиблия
852 _aЦб 170424
_bЦб
856 4 _qpdf
_i0.00
_ldisable
856 4 _qpdf
_i0.00
_ldisable
942 _cKNG
_n0
_s1
944 _aCR
_c07.08.2013
_l07.08.2013 - от С1,Р / 07.08.2013
_kГрета_Цуфелде
944 _aED
_c07.08.2013
_l07.08.2013 - от С1,Р / 07.08.2013
999 _d142623